Statistics for Guess the country 12

Click here to take the quiz!

General Stats

  • This quiz has been taken 35 times
  • The average score is 12 of 16

Answer Stats

Answer% Correct
France
100%
United Kingdom
97%
Chile
94%
France
94%
India
91%
India
91%
North Korea
91%
Vietnam
82%
Egypt
79%
Switzerland
71%
Iran
68%
Nepal
62%
Kuwait
47%
North Korea
38%
Central African Republic
35%
Honduras
21%

Score Distribution

Percentile by Number Answered

Percent of People with Each Score

Your Score History

You have not taken this quiz